书目信息 |
| 题名: |
普通化学实验讲义及习题集
|
|
| 作者: | ;唐山市业余工学院 翻印 | |
| 分册: | ||
| 出版信息: | 唐山 不详 1964 |
|
| 页数: | 80页 | |
| 开本: | 26cm | |
| 丛书名: | ||
| 单 册: | ||
| 中图分类: | O6-1 | |
| 科图分类: | ||
| 主题词: | 化学--现状 | |
| 电子资源: | ||
| ISBN: | ||
| 000 | 00555nam0 2200169 450 | |
| 001 | 0630465968 | |
| 005 | 20060425083033.68 | |
| 100 | @a20060425d1964 km y0chiy0120 ea | |
| 101 | 0 | @achi |
| 200 | 1 | @a普通化学实验讲义及习题集@Apu tong hua xue shi yan jiang yi ji xi ti ji@f唐山市业余工学院翻印@Ftang shan shi ye yu gong xue yuan fan yin |
| 210 | @a唐山@c不详@d1964 | |
| 215 | @a80页@d26cm | |
| 606 | 0 | @a化学@x现状 |
| 690 | @aO6-1@v4 | |
| 711 | 0 | @a唐山市业余工学院@Atang shan shi ye yu gong xue yuan@4翻印 |
| 801 | 0 | @aCN@bPFT@c20060425 |
| 905 | @a10447@dO6-1@e22 | |
| 普通化学实验讲义及习题集/唐山市业余工学院翻印.-唐山:不详,1964 |
| 80页;26cm |
| ISBN : |
| ● |
| 相关链接 |
|
|
|
|
正题名:普通化学实验讲义及习题集
索取号:O6-1/22
 
预约/预借
| 序号 | 登录号 | 条形码 | 馆藏地/架位号 | 状态 | 备注 |
| 1 | 0013313 | 202284964 | 密集书库/ [索取号:O6-1/22] | 在馆 |